000 00484nam a2200169Ia 4500
003 OSt
005 20260324143357.0
008 190216s9999||||xx |||||||||||||| ||und||
040 _coclc
082 _a892.736
_bKAN/P
100 _aKanafani, Ghassan
_96698
245 0 _aPoriveyilile Manushyar /
_cGhassan Kanafani
260 _bZorba Publications,
_aPalakkad:
_c2005.
300 _a80p
650 _aNovel
942 _cBK
_2ddc
_h892.736
_iKAN/P
_k892.736
_mKAN/P
999 _c28874
_d28874